| 000 | 00382nam a2200145Ia 4500 | ||
|---|---|---|---|
| 008 | 211109s9999||||xx |||||||||||||| ||und|| | ||
| 082 |
_a894.81292 _bSAR-Y |
||
| 100 | _aSharma, V S | ||
| 245 | 0 | _aYugacharyan | |
| 260 |
_bKamalalaya _aThiruvananthapuram _c1965 |
||
| 300 | _a158p | ||
| 630 | _xGeneral Stack | ||
| 650 |
_aLiterature _vmalayalam literature _xGeneralia |
||
| 942 | _cBOOK | ||
| 999 |
_c25101 _d25101 |
||